India 500 Tests : The Journey Began in 1932 (Record no. 230514)

MARC details
000 -LEADER
fixed length control field 00430nam a2200181Ia 4500
008 - FIXED-LENGTH DATA ELEMENTS--GENERAL INFORMATION
fixed length control field 240823s9999||||xx |||||||||||||| ||und||
082 ## - DEWEY DECIMAL CLASSIFICATION NUMBER
-- 796.3580954 Q6
100 ## - MAIN ENTRY--PERSONAL NAME
Personal name The Hindu
245 #0 - TITLE STATEMENT
Title India 500 Tests : The Journey Began in 1932
250 ## - EDITION STATEMENT
Edition statement 1st
260 ## - PUBLICATION, DISTRIBUTION, ETC. (IMPRINT)
Date of publication, distribution, etc 2016
Name of publisher, distributor, etc The
500 ## - GENERAL NOTE
General note YES
650 ## - SUBJECT ADDED ENTRY--TOPICAL TERM
Topical term or geographic name as entry element Physical Education
942 ## - ADDED ENTRY ELEMENTS (KOHA)
Item type Books
Holdings
Withdrawn status Lost status Damaged status Permanent location Current location Date acquired Source of acquisition Full call number Barcode Date last seen Koha item type
      CENTRAL LIBRARY, NOORUL ISLAM CENTRE FOR HIGHER EDUCATION CENTRAL LIBRARY, NOORUL ISLAM CENTRE FOR HIGHER EDUCATION 02/04/2019 "The Hindu, Tirunelveli" 796.3580954 Q6 78723 08/23/2024 Books
Visitors:
Copyright © 2024 Central Library NICHE.  All rights reserved.